| 000 | 01140nam a22003377a 4500 | ||
|---|---|---|---|
| 003 | CHAP | ||
| 005 | 20220329134057.0 | ||
| 008 | 971013s1986 r 00010 d | ||
| 010 | _a15065 | ||
| 011 | _a16037 | ||
| 035 | _a20115 | ||
| 040 | _cCHAP | ||
| 090 | _aTesis | ||
| 100 | 0 | 0 |
_aHerrera Mendoza, Roberto. _954909 |
| 245 | _aSelección para indice de posición de mazorca en cuatro variedades de maíz (Zea Mayz L.) | ||
| 260 |
_aChapingo, Méx. : _bEl Autor, _c1986 |
||
| 300 |
_a119 h. _b: gráfs. |
||
| 502 | _aTesis (M. en C. Esp. en Genética) -- CP. Centro de Genética | ||
| 590 |
_aALEPH _b10 _c20130110 _lUCH01 _h1237 |
||
| 590 |
_aBATCH-UPD _b10 _c20130110 _lUCH01 _h0314 |
||
| 590 |
_aBATCH-UPD _b10 _c20130409 _lUCH01 _h2347 |
||
| 590 |
_aBATCH-UPD _b10 _c20130410 _lUCH01 _h1621 |
||
| 590 |
_aBATCH-UPD _b10 _c20130914 _lUCH01 _h1612 |
||
| 590 |
_aCONVERSION _b10 _c20130109 _lUCH01 _h1310 |
||
| 650 | 1 | 4 |
_aMaíz _xSelección masal. _971058 |
| 650 | 1 | 4 |
_aMaíz _xVariedades. _971081 |
| 901 | _aBK | ||
| 942 | _cFOLL | ||
| 949 |
_bBC _cTES _d-46936 _eTS1 _h17761 _i20115 _si |
||
| 949 |
_bBC _cTES _d-46937 _eTS2 _fc.2 _h17762 _i20115 _si |
||
| 999 |
_c15065 _d15065 |
||